| 000 | 00963nas a2200313 4500 | ||
|---|---|---|---|
| 001 | BR2019000267 | ||
| 003 | BR-BrBNA | ||
| 005 | 20231205131551.0 | ||
| 007 | ta | ||
| 008 | 230509b bl.|||p| |||| 00| 00por d | ||
| 040 |
_aBR-BrBNA _bpor _cBiblioteca Nacional de Agricultura |
||
| 041 | _a(En) | ||
| 072 | _aF01 | ||
| 100 | 1 | _aGiovanaz, M.A. | |
| 100 | 1 | _aAmaral, P.A. | |
| 100 | 1 | _aPasa, M. da S. | |
| 100 | 1 | _aLima, A.P.F. de | |
| 100 | 1 | _aWebes, D. | |
| 100 | 1 | _aFachinello, J.C. | |
| 245 | 1 | _aChemical thinning affects yield and return flowering in 'Jubileu' peach | |
| 650 | _aPÊSSEGO | ||
| 650 | _aRALEIO | ||
| 650 | _aREGULADOR DE CRESCIMENTO | ||
| 650 | _aPRODUTIVIDADE | ||
| 773 | 0 |
_tRevista Ceres (Brazil) _xISSN 2177-3491 _g(May-Jun 2016), v. 63(3) p. 329-333 _wBR2019000267 |
|
| 856 | 4 | 0 | _uhttp://www.scielo.br/pdf/rceres/v63n3/2177-3491-rceres-63-03-00329.pdf |
| 909 |
_a202311 _bLúcia _c55 _dLúcia Elande |
||
| 942 |
_2AGRIS _n0 _cANA |
||
| 999 |
_c255486 _d255486 |
||